=LDR 00000nam 2200000 4500 =001 INLIS000000000021028 =005 20210216093117 =035 ##$$a 0010-061300000021028 =008 210216################g##########0#ind## =041 ##$$a Ind =082 ##$$a 334 =090 ##$$a 334, Mar a =100 1#$$a Marolly, JA =245 1#$$a Administrasi niaga, surat menyurat, koperasi organisasi dan kepemimpinan, oleh JA Marolly /$c JA Marolly =260 ##$$a Surabaya :$b Usaha Nasional,$c 1981 =300 ##$$a x, 193 hlm ; $c 21x14 cm =650 #4$$a Koperasi =850 ##$$a NBPNMAT =084 ##$$a 334 MAR a =250 ##$$a cet.1 =990 ##$$a 7.488/Pro.96